Built to last : Successful habits of visionary companies

This is not a book about charismatic visionary leaders. It is not about visionary product concepts or visionary products or visionary market insights. Nor even is it about just having a corporate vision. This is a book about something far more important, enduring, and substantial. This is a book abo...

Disgrifiad llawn

Wedi'i Gadw mewn:
Manylion Llyfryddiaeth
Prif Awdur: Collins, James C.
Fformat: Llyfr
Iaith:Undetermined
Cyhoeddwyd: New York HarperBusiness 1994
Pynciau:
Tagiau: Ychwanegu Tag
Dim Tagiau, Byddwch y cyntaf i dagio'r cofnod hwn!
Thư viện lưu trữ: Trung tâm Học liệu Trường Đại học Cần Thơ
LEADER 01300nam a2200217Ia 4500
001 CTU_87046
008 210402s9999 xx 000 0 und d
082 |a 658 
082 |b C712 
100 |a Collins, James C. 
245 0 |a Built to last : 
245 0 |b Successful habits of visionary companies 
245 0 |c James C. Collins, Jerry I. Porras 
260 |a New York 
260 |b HarperBusiness 
260 |c 1994 
520 |a This is not a book about charismatic visionary leaders. It is not about visionary product concepts or visionary products or visionary market insights. Nor even is it about just having a corporate vision. This is a book about something far more important, enduring, and substantial. This is a book about visionary companies." So write James C. Collins and Jerry I. Porras in this groundbreaking book that shatters myths, provides new insights, and gives practical guidance to those who would like to build landmark companies that stand the test of time 
650 |a Success in business,Industrial management,Entrepreneurship,Doanh nhân,Thành công trong kinh doanh,Quản lý công nghiệp 
650 |z United states,United states,United states,Hoa Kỳ,Hoa Kỳ,Hoa Kỳ 
904 |i Năm 
980 |a Trung tâm Học liệu Trường Đại học Cần Thơ